Manual del buceador: guía completa de tus aventuras subacuáticas
Salvato in:
| Autore principale: | |
|---|---|
| Natura: | Libro |
| Lingua: | spagnolo |
| Pubblicazione: |
Barcelona
Paidotribo
2008
|
| Edizione: | 1a. ed |
| Soggetti: | |
| Tags: |
Aggiungi Tag
Nessun Tag, puoi essere il primo ad aggiungerne!!
|
MARC
| LEADER | 00000nam a2200000 a 4500 | ||
|---|---|---|---|
| 001 | UCG3261 | ||
| 003 | CL-VaPUC | ||
| 008 | 100819e20080000SP |||||||||||||||||spa|d | ||
| 020 | |a 9788480199803 | ||
| 082 | 0 | 4 | |a 797.23 |b COL |2 21 |
| 100 | 0 | |a Coleman, Clay |e author |9 552244 | |
| 245 | 1 | 0 | |a Manual del buceador: guía completa de tus aventuras subacuáticas |
| 250 | |a 1a. ed | ||
| 300 | |a 469 p | ||
| 942 | |c BK | ||
| 945 | |d 20100819 00:00:00 |a mfarfan | ||
| 260 | |a Barcelona |b Paidotribo |c 2008 | ||
| 650 | 7 | |a BUCEO |2 CL-VaPUC |9 261889 | |
| 650 | 7 | |a DEPORTES ACUATICOS |2 CL-VaPUC |9 262007 | |
| 583 | |a last modification |c 20100819 00:00:00 |k Rodrigo Vera | ||
| 999 | |c 342332 |d 342330 | ||
| 952 | |0 0 |1 0 |4 0 |6 797_230000000000000_COL_2008 |7 0 |8 C |9 438491 |a BIBCUR |b BIBCUR |d 2019-11-22 |i 4708032 |o 797.23 COL 2008 |p 4708032 |r 2025-04-22 |w 2019-11-22 |y BK |k DEN | ||